000 00689nam a22002537a 4500
001 3926
003 FISKH
005 20260304082910.0
008 240524b cb ||||| |||| 00| 0 eng d
040 _aFISK
_beng
_cFISK
_dFISK
050 _aPZ7.S41267
082 _a813.54
100 _aScieszka Jon
_d1954-
245 _aTut, tut /
_cJon Scieszka
260 _aNew York :
_bScholastic ,
_c1998
300 _a74 pages :
_billustrations ;
_c20 cm
505 _aM
520 _aThe Time Warp Trio is in the land of pyramids and pharaohs.
521 8 _a690
_bLexile
521 8 _aM
_bRaz-Plus
700 _aJon Scieszka
942 _2ddc
_cBK
_n0
999 _c3926
_d3926